Understanding your health / (Record no. 4785)

MARC details
000 -LEADER
fixed length control field 00581nam a22002177a 4500
003 - CONTROL NUMBER IDENTIFIER
control field OSt
005 - DATE AND TIME OF LATEST TRANSACTION
control field 20160719161801.0
008 - FIXED-LENGTH DATA ELEMENTS--GENERAL INFORMATION
fixed length control field 160719b xxu||||| |||| 00| 0 eng d
020 ## - INTERNATIONAL STANDARD BOOK NUMBER
International Standard Book Number 0801651646
040 ## - CATALOGING SOURCE
Transcribing agency 040a
082 ## - DEWEY DECIMAL CLASSIFICATION NUMBER
Classification number WA 590
Item number P293u 1989
100 ## - MAIN ENTRY--PERSONAL NAME
Personal name Payne, Wayne A.
9 (RLIN) 2173
245 ## - TITLE STATEMENT
Title Understanding your health /
Statement of responsibility, etc. Wayne A. Payne, Dale B. Hahn
250 ## - EDITION STATEMENT
Edition statement 2nd.ed
260 ## - PUBLICATION, DISTRIBUTION, ETC. (IMPRINT)
Place of publication, distribution, etc. St.Loius
Name of publisher, distributor, etc. Mosby
Date of publication, distribution, etc. 1989
300 ## - PHYSICAL DESCRIPTION
Extent xxvii, v.paging;
Other physical details col.ill :
Dimensions 24 cm
504 ## - BIBLIOGRAPHY, ETC. NOTE
Bibliography, etc Includes index
650 ## - SUBJECT ADDED ENTRY--TOPICAL TERM
Topical term or geographic name as entry element Health
9 (RLIN) 2172
700 ## - ADDED ENTRY--PERSONAL NAME
Personal name Hahn, Dale B.
9 (RLIN) 2171
942 ## - ADDED ENTRY ELEMENTS (KOHA)
Source of classification or shelving scheme Other/Generic Classification Scheme
Koha item type Open Shelf
Holdings
Withdrawn status Lost status Source of classification or shelving scheme Damaged status Not for loan Home library Current library Date acquired Source of acquisition Inventory number Total Checkouts Full call number Barcode Date last seen Price effective from Koha item type
    Other/Generic Classification Scheme     MUST Main Library MUST Main Library 19/07/2016   2002/17035   WA 590 P293u 1989 2016-3284 19/07/2016 19/07/2016 Open Shelf